Compendium of food additive specifications. Addendum 12 : Joint FAO/WHO Expert Committee on Food Additives (JECFA), 63rd meeting, Geneva, Switzerland, 8-17 June 2004.

Sparad:
Bibliografiska uppgifter
Institutionell upphovsman: FAO
Materialtyp: Bok
Språk:Undetermined
Publicerad: Rome, Italy FAO 2004
Ämnen:
Taggar: Lägg till en tagg
Inga taggar, Lägg till första taggen!
Thư viện lưu trữ: Trung tâm Học liệu Trường Đại học Cần Thơ
LEADER 00644nam a2200205Ia 4500
001 CTU_130341
008 210402s9999 xx 000 0 und d
082 |a 664.06 
082 |b F686 
110 |a FAO 
245 0 |a Compendium of food additive specifications. Addendum 12 : 
245 0 |b Joint FAO/WHO Expert Committee on Food Additives (JECFA), 63rd meeting, Geneva, Switzerland, 8-17 June 2004. 
245 0 |c FAO 
260 |a Rome, Italy 
260 |b FAO 
260 |c 2004 
650 |a Food additives,Food additives 
650 |x Specifications,Analysis 
904 |i Minh 
980 |a Trung tâm Học liệu Trường Đại học Cần Thơ